| 000 | 00389nam a2200133Ia 4500 | ||
|---|---|---|---|
| 008 | 190328s9999||||xx |||||||||||||| ||und|| | ||
| 082 |
_a341.65 _bICR/I |
||
| 100 | _aICRC | ||
| 245 | 0 | _aInternational Rules And Standards for Policing | |
| 260 |
_aNew Delhi _bInternational Committee of the Red Cross _c2014 |
||
| 300 | _a64p. | ||
| 650 | _aInternation Law, Internation Trade Law | ||
| 942 | _cBK | ||
| 999 |
_c4632 _d4632 |
||